Klasifikácia, riziká a možnosti využitia menových swapov

Swapy spoločne s forwardmi, futuritami a opciami patria do skupiny termínových obchodov. Termínové obchody, resp. finančné deriváty sú moderné produkty finančných trhoch, ktoré zažívajú výrazný rozmach v posledných desaťročiach. Sú to inštrumenty odvodené od iných inštrumentov, resp. podkladových ak...

Descrizione completa

Salvato in:
Dettagli Bibliografici
Autore principale: Spuchľáková, Erika
Natura: Capitolo di libro
Lingua:slovacco
Soggetti:
Tags: Aggiungi Tag
Nessun Tag, puoi essere il primo ad aggiungerne!!

MARC

LEADER 00000nla a2200000 4500
001 0182266
005 20220722095607.0
041 0 |a slo 
044 |a SK 
245 1 0 |a Klasifikácia, riziká a možnosti využitia menových swapov  |c Erika Spuchľáková 
520 |a Swapy spoločne s forwardmi, futuritami a opciami patria do skupiny termínových obchodov. Termínové obchody, resp. finančné deriváty sú moderné produkty finančných trhoch, ktoré zažívajú výrazný rozmach v posledných desaťročiach. Sú to inštrumenty odvodené od iných inštrumentov, resp. podkladových aktív, ktorých hodnota ovplyvňuje hodnotu derivátu. Jedným z možných podkladových aktív je mena. 
610 2 0 |a deriváty 
610 2 0 |a nástroje finančné 
610 2 0 |a trh finančný 
610 2 0 |a mena 
610 2 0 |a swap 
100 1 |a Spuchľáková, Erika